| 000 | 00371nam a2200145Ia 4500 | ||
|---|---|---|---|
| 008 | 240624s9999 xx 000 0 und d | ||
| 041 | _aeng | ||
| 082 | _a658.472 RUN | ||
| 100 | _aRUNKLER A THOMAS | ||
| 245 | _aDATA ANALYTICS MODELS AND ALGORITHMS FOR | ||
| 250 | _a(3rd ed.) | ||
| 260 |
_c2020 _aGermany _bSpringer |
||
| 300 | _axii,161P.; 23 cm. | ||
| 365 |
_cERU _b33 |
||
| 999 |
_c32597 _d32597 |
||